F1 Podiums 2012 - Statistics

General Stats
  • This quiz has been taken 615 times
  • The average score is 13 of 15
Answer Stats
Answer % Correct
Fernando Alonso
99%
Sebastian Vettel
99%
Lewis Hamilton
98%
Mark Webber
97%
Felipe Massa
96%
Jenson Button
96%
Kimi Raikkonen
95%
Nico Rosberg
93%
Michael Schumacher
88%
Pastor Maldonado
85%
Romain Grosjean
79%
Sergio Perez
77%
Kamui Kobayashi
63%
Nico Hulkenberg
59%
Bruno Senna
42%
No matching quizzes found
Score Distribution
Percent of People with Each Score
Percentile by Number Answered
Your Score History
You have not taken this quiz